Ανεξιχνίαστη ψυχή : μυθιστόρημα
Αποθηκεύτηκε σε:
| Κύριος συγγραφέας: | |
|---|---|
| Μορφή: | Βιβλίο |
| Γλώσσα: | Greek |
| Δημοσίευση: |
[Αθήνα] :
Πατάκης,
2003.
|
| Σειρά: | Σύγχρονη ελληνική λογοτεχνία. Πεζογραφία (Εκδόσεις Πατάκη)
153 |
| Θέματα: | |
| Ετικέτες: |
Προσθήκη ετικέτας
Δεν υπάρχουν, Καταχωρήστε ετικέτα πρώτοι!
|
MARC
| LEADER | 00000cam a2200000 i 4500 | ||
|---|---|---|---|
| 001 | 1/84786 | ||
| 008 | 050905s2003 gr | ||| |||| ||gre|| | ||
| 020 | |a 9601607005 | ||
| 035 | |l 10080107 | ||
| 040 | |a GR-MY-UA |b gre |e aacr | ||
| 041 | 0 | |a gre | |
| 082 | 0 | |a 523.1 |2 (22) | |
| 082 | 0 | |a 889.38 | |
| 100 | 1 | |a Χειμωνάς, Θανάσης, |d 1971- | |
| 245 | 1 | 0 | |a Ανεξιχνίαστη ψυχή : |b μυθιστόρημα / |c Θανάσης Χειμωνάς. |
| 260 | |a [Αθήνα] : |b Πατάκης, |c 2003. | ||
| 300 | |a 267 σ. ; |c 24 εκ. | ||
| 490 | 1 | |a (Σύγχρονη ελληνική λογοτεχνία. Πεζογραφία ; |v 153) | |
| 500 | |a Με: Η απαρχή του σύμπαντος / John D. Barrow. - Όψεις της φυσικής θεωρίας / Max Planck. - Η αξία της επιστήμης / Henri Poincare. | ||
| 650 | 0 | 0 | |a Greek literature, Modern. |
| 650 | 0 | 0 | |a Greek fiction, Modern. |
| 830 | 0 | |a Σύγχρονη ελληνική λογοτεχνία. |p Πεζογραφία (Εκδόσεις Πατάκη) |v 153 | |
| 852 | |a INST |b LESVOS |e 20231124 |h 889.38 ΧΕΙ |p 005100065640 |q 005100065640 |t BK |y 0 | ||
| 852 | |a INST |b RHODES |c KRI |e 20050905 |h 523.1 BAR |p 005400030761 |q 005400030761 |t BK |y 0 | ||
| 901 | |a BIBL4-2005-3 | ||
| 909 | |a Ρ |b 122322 | ||
| 970 | |a ΚΟΖΑ |b ΜΑΡΙΑ |z 2005/09/05 | ||